Statistics for 2022 NBA Draft - First Round

Click here to take the quiz!

General Stats

  • This quiz has been taken 149 times
  • The average score is 18 of 30

Answer Stats

PickTeamPositionSchool/TeamPlayer% Correct
1
Orlando MagicPFDukePaolo Banchero
99%
2Oklahoma City ThunderC/PFGonzagaChet Holmgren
92%
3Houston RocketsPFAuburnJabari Smith Jr.
92%
5Detroit PistonsSGPurdueJaden Ivey
88%
4Sacramento KingsPFIowaKeegan Murray
88%
6Indiana PacersSG/SFArizonaBennedict Mathurin
83%
12Oklahoma City ThunderSGSanta ClaraJalen Williams
83%
15Charlotte HornetsCDukeMark Williams
83%
7Portland Trail BlazersSGKentuckyShaedon Sharpe
80%
9San Antonio SpursPFBaylorJeremy Sochan
79%
13Charlotte Hornets (to DET)CMemphisJalen Duren
75%
8New Orleans PelicansPG/SGG League IgniteDyson Daniels
67%
10Washington WizardsSGWisconsinJohnny Davis
65%
21Denver NuggetsSGKansasChristian Braun
58%
16Atlanta HawksSFDukeA.J. Griffin
55%
14Cleveland CavaliersSGKansasOchai Agbaji
55%
27Miami HeatSFMega Mozzart (Serbia)Nikola Jović
54%
22Memphis Grizzlies (to MIN)CAuburnWalker Kessler
52%
11New York Knicks (to OKC)SFNew Zealand Breakers (Australia)Ousmane Dieng
51%
17Houston RocketsPFLSUTari Eason
46%
24Milwaukee BucksSG/SFG League IgniteMarJon Beauchamp
45%
20San Antonio SpursSGOhio StateMalaki Branham
43%
18Chicago BullsSGArizonaDalen Terry
42%
28Golden State WarriorsPFMilwaukeePatrick Baldwin Jr.
42%
23Philadelphia 76ers (to MEM)SFColorado StateDavid Roddy
36%
25San Antonio SpursPG/SGNotre DameBlake Wesley
35%
30Oklahoma City Thunder (to DEN)SFUCLAPeyton Watson
35%
29Memphis Grizzlies (to MIN)PGKentuckyTyTy Washington Jr.
34%
19Minnesota Timberwolves (to MEM)SFWake ForestJake LaRavia
32%
26Dallas Mavericks (to MIN)SFDukeWendell Moore
27%

Score Distribution

Percentile by Number Answered

Percent of People with Each Score

Your Score History

You have not taken this quiz